Imágenes y recuerdos 1959-1970 : apocalípticos e integrados /

Збережено в:
Бібліографічні деталі
Інші автори: Alsina Thevenet, Homero (autor) (autor), Barral, Carlos (dirección editorial) (dirección editorial), Gala, Antonio (prólogo) (prólogo)
Формат: Книга
Мова:Іспанська
Опубліковано: Barcelona, España : Difusora Internacional, 1988, c1988
Редагування:6a edición
Предмети:
Теги: Додати тег
Немає тегів, Будьте першим, хто поставить тег для цього запису!

MARC

LEADER 00000nam^a2200000^a^4500
001 000026297
005 20250526000000.0
009 20260310084725.356
020 |a 84-7368-024-3 
037 |a Acervo ITESO - Biblioteca 
041 |a ESP 
082 |a 903.  |b IMA V. 7 
240 1 1 |a [Imágenes y recuerdos] 
245 1 0 |a Imágenes y recuerdos 1959-1970 :  |b apocalípticos e integrados /  |c H. Alsina Thevenet...[et al.] ; dir. editorial de C. Barral ; coord. de Graciela D'Angelo ; pról. de A. Gala. 
250 |a 6a edición 
264 4 |a Barcelona, España :  |b Difusora Internacional,  |c 1988, c1988 
300 |a 424 p. +  |e 1 LP ;  |c 29.0 cm. 
336 |a texto  |b txt  |2 rdacontenido 
337 |a sin mediación  |b n  |2 rdamedio 
338 |a volumen  |b nc  |2 rdasoporte 
649 |a XX 
650 |a Cronología Histórica -  |y 1960-1969 -  |x Tema Principal 
650 |a Cronología Histórica -  |y Siglo XX 
650 |a Historia Moderna -  |y Siglo XX 
700 |a Alsina Thevenet, Homero  |e (autor) 
700 |a Barral, Carlos  |e (dirección editorial) 
700 |a Gala, Antonio  |e (prólogo) 
910 |a Fondo General 
920 |a Impresos - Libros 
930 |a Libros Antiguos y Raros 
905 |a 108 
901 |a 0262970100  |b IT2  |c LRA  |i 026297  |u 20250526 
901 |a 0500194623  |b IT2  |c LRA  |u 20250526 
902 |a https://opac.biblio.iteso.mx/vufind/Record/000026297